000 00940nam0a22002771 4500
001 rc\4827266
005 20250612225504.0
021 _aRU
_b[68-12156]
035 _a(NLR Aleph) 008886176
090 _a8613032
_c8613032
100 _a20130426d1968 |||y0rusy50 ca
101 0 _arus
102 _aRU
105 _aa z |||||
200 1 _aШутить везде!
_eСборник
210 _aМосква
_cИскусство
_d1968
215 _a96 с.
_cил.
_d20
225 1 _aРепертуар художественной самодеятельности
_v2
300 _aНа обороте тит. л. сост.: Агаянц С.И.
606 _aХудожественная самодеятельность
_xРепертуар
_2psbo
702 1 _aАгаянц
_bС.И.
_gСаида Ивановна
_4220
801 0 _aRU
_bNLR
_gpsbo
801 1 _aRU
_bELAR
_2rusmarc
852 _aNLR
_j68-4/5014
942 _cBOOK
980 _aNB